Bachelors écoles de commerce Françaises - Statistiques

Statistiques générales
  • Ce quiz a été pris 17 fois
  • Le résultat moyen est 4 sur 10
Statistiques - réponses
Hint Réponse % Correct
2 IESEG
75%
6 ESSCA
63%
10 Kedge
56%
1 ESCP
50%
9 Audencia
38%
8 EM Normandie
31%
3 TBS
25%
7 ICN
13%
5 Montpellier BS
6%
4 Rennes SB
6%
Aucun quiz correspondant
Distribution des résultats
% des personnes avec chaque résultat
Percentile par nombre de réponses
Votre historique - résultats
Vous n’avez pas pris ce quiz